| 000 | 00488nam a2200169Ia 4500 | ||
|---|---|---|---|
| 003 | GCL | ||
| 008 | 140319s9999 xx 000 0 eng d | ||
| 040 |
_aGCL / _cGCL |
||
| 082 | 0 | 4 |
_a613.7 _bW I |
| 100 | 1 | _aWADE, MICHAELG | |
| 245 | 1 | 0 |
_aINTRODUCTION TO KINESIOLOGY : THE SCIENCE AND PRACTICE OF PHYSICAL ACTIVITY / _cWADE, MICHAELG |
| 700 | 1 | _aBAKER, JOHN.A.W | |
| 260 |
_a[S.N] : _bW.C.B BROWN & BECHMARK ، _c1995 |
||
| 300 | _a185 P P | ||
| 650 | 0 | 4 | _aKINESIOLOGY |
| 942 |
_2ddc _cBK |
||
| 999 |
_c11845 _d11845 |
||